[Event "Novorossiysk Small Land op"]
[Site "Novorossiysk"]
[Date "2023.07.17"]
[Round "1"]
[White "Yandarbiev, Ruslan"]
[Black "Guseva, Sofia"]
[Result "1-0"]
[WhiteElo "2216"]
[BlackElo "1565"]
[PlyCount "33"]
[EventDate "2023.07.17"]
[EventType "swiss"]
[EventRounds "9"]
[EventCountry "RUS"]
[SourceTitle "CBM 215 Extra"]
[Source "ChessBase"]
[SourceDate "2023.09.30"]
[SourceVersion "1"]
[SourceVersionDate "2023.09.30"]
[SourceQuality "1"]

1. e4 e5 2. Nf3 Nc6 3. Bb5 Nge7 4. c3 a6 5. Bc4 b5 6. Bb3 d5 7. exd5 Nxd5 8. 0-0 Be7 9. Re1 Qd6 10. a4 Bb7 11. axb5 axb5 12. Rxa8+ Bxa8 13. Na3 Nf4 14. d4 b4 15. Nb5 Qd7 16. d5 Na5 17. Nxe5 1-0